000 00745nam a2200217Ia 4500
005 20251020182527.0
008 200515s9999 xx 000 0 und d
082 _a693.3/V65
100 _aVILDOSO, A.MONZON, F. M.
245 0 _aSeguir construyendo con tierra
260 _aLima
260 _c1984
500 _a1 ejemplar
520 _aEn el primer capítulo se ofrece una rápida visión de la historia de la construcción con tierra en el Perú. En el segundo nos hemos dedicado a analizar las diversas cifras existentes sobre los materiales de construcción utilizados en la vivienda peruana, t
650 _aADOBE
650 _aCONSTRUCCIONES EN TIERRA
650 _aLIB
650 _aPIEDRA
650 _aTAPIAL
942 _cLIB
999 _c1945
_d1945